000 00561nam a2200241 a 4500
001 nice12345678
003 IN_TiNIC
005 20260116011514.0
008 050524s1899 beia grp 000 0 ara
020 _a
_c100
082 0 0 _a892.7
_bYOH
100 _aYohanna, Father
245 _aNakhbul Mullah
260 _aBeirut
_bAl-Shabiyat Press
_c1899
300 _a156p
500 _aincludes index and biblioraphy
505 2 _aIndex
650 _aArabic-Literature
700 1 _aYohanna, Father
902 _bSRS
942 _cBK
999 _c2136
_d2136